000 00503nam a2200145Ia 4500
008 100122s9999 xx 000 0 und d
082 _b10803
_a823.08
100 _aमाडगूळकर ग दि
245 _aमराठी साहित्य दर्शन
260 _bप्रकाशक शोधणे
_c1960
300 _a100
630 _aमराठी साहित्य दर्शन
730 _aमराठी साहित्य दर्शन
942 _cBOOK
999 _c402385
_d402382